000 00318nam a22001453 4500
001 205803
005 20240329094016.0
090 _a205803
100 _a20240329 ukry50
101 _aukr
102 _aUA
200 _a
210 _d2024
801 _2unimarc
_aUA
_gpsbo
942 _cJOURNAL